Stochastic equations in infinite dimensions
Saved in:
| Main Author: | |
|---|---|
| Other Authors: | |
| Format: | Book |
| Language: | English |
| Published: |
Cambridge : New York :
Cambridge University Press,
1992
|
| Series: | Encyclopedia of mathematics and its applications ;
; 44 |
| Subjects: | |
| Tags: |
Add Tag
No Tags, Be the first to tag this record!
|
MARC
| LEADER | 00000nam a2200000 i 4500 | ||
|---|---|---|---|
| 001 | 1/37906 | ||
| 008 | 941103s1992 eng d | ||
| 020 | |a 0521385296 | ||
| 035 | |l 10040635 | ||
| 035 | |a 1993 |c ΧΑΤΖΗΣΑΒΒΑΣ | ||
| 040 | |a GR-MY-UA |b gre |e aacr | ||
| 041 | 0 | |a eng | |
| 082 | 0 | |a 519.2 |2 (20) | |
| 100 | 1 | |a Da Prato, Giuseppe. | |
| 245 | 1 | 0 | |a Stochastic equations in infinite dimensions / |c Giuseppe Da Prato, Jerzy Zabczyk |
| 260 | |a Cambridge : |a New York : |b Cambridge University Press, |c 1992 | ||
| 300 | |a xviii, 454 p.; |c 24 cm | ||
| 490 | 1 | |a Encyclopedia of mathematics and its applications |v ; 44 | |
| 504 | |a Includes bibliographical references (p. 427-449) and index | ||
| 650 | 0 | 0 | |a Stochastic partial differential equations. |
| 700 | 1 | |a Zabczyk, Jerzy. | |
| 830 | 0 | |a Encyclopedia of mathematics and its applications ; |v ; 44 | |
| 852 | |a INST |b SAMOS |e 19941103 |h 519.2 DAP |p 005300003564 |q 005300003564 |t BK |y 0 | ||
| 909 | |a Σ |b 029686 | ||